[Event "II Festival A"]
[Site "Bernate Ticino ITA"]
[Date "1999.07.10"]
[Round "4"]
[White "Everet, Alexandro"]
[Black "Loncar, Robert"]
[Result "1/2-1/2"]
[WhiteElo "2294"]
[BlackElo "2429"]
[PlyCount "135"]
[EventDate "1999.07.08"]

1.d4 Nf6 2.Nf3 g6 3.Nbd2 c5 4.e3 Bg7 5.Bd3 O-O 6.O-O b6 7.c3 Bb7 8.e4 d6 
9.Re1 cxd4 10.Nxd4 Nbd7 11.f3 Nc5 12.Bc2 a6 13.Nf1 Rc8 14.Be3 e5 15.Nb3 
Ne6 16.Qd2 d5 17.Rac1 Qc7 18.Bh6 dxe4 19.Bxg7 Kxg7 20.fxe4 b5 21.h3 Nf4 
22.Ng3 Rcd8 23.Qe3 Rd6 24.Rcd1 Rfd8 25.Rxd6 Rxd6 26.Rd1 h5 27.Rxd6 Qxd6 
28.Nc5 Bc8 29.b4 Be6 30.a4 bxa4 31.Bxa4 Bc4 32.Nf1 Bxf1 33.Kxf1 h4 34.Qe1 
a5 35.Qd1 Qb6 36.Qd2 axb4 37.cxb4 Nxe4 38.Nxe4 Qa6+ 39.Kg1 Qxa4 40.Qd6 
Qa1+ 41.Kh2 Qd4 42.Qf6+ Kg8 43.Ng5 Qd5 44.Nf3 Nd3 45.Qxh4 e4 46.Ng5 e3 47.
Qh7+ Kf8 48.Qh6+ Ke7 49.Nf3 Qe4 50.Qg5+ f6 51.Qg3 e2 52.b5 Kd7 53.b6 Ne5 
54.Ne1 Kc6 55.Qb3 Qf4+ 56.Qg3 Qe4 57.Qc3+ Kxb6 58.Kg3 g5 59.Kf2 g4 60.Qe3+
Qxe3+ 61.Kxe3 gxh3 62.gxh3 Ng6 63.Nd3 Kc6 64.Kxe2 Kd5 65.Ke3 Ke6 66.Nf4+ 
Kf5 67.Nxg6 Kxg6 68.Kf4 1/2-1/2

[Event "II Festival A"]
[Site "Bernate Ticino ITA"]
[Date "1999.07.10"]
[Round "4"]
[White "Genovese, Maurizio"]
[Black "Guerrini, Donato"]
[Result "1-0"]
[WhiteElo "2287"]
[BlackElo "1924"]
[PlyCount "49"]
[EventDate "1999.07.08"]

1.d4 Nf6 2.c4 c5 3.d5 b5 4.Qc2 d6 5.e4 g6 6.b3 Bg7 7.Bb2 O-O 8.cxb5 a6 9.
Nd2 axb5 10.Bxb5 Qb6 11.Bc4 Na6 12.a3 Nc7 13.Ngf3 Ba6 14.O-O Rfb8 15.Rfb1 
Ra7 16.b4 Nd7 17.Bxg7 Kxg7 18.bxc5 Qxc5 19.Rxb8 Bxc4 20.Qb2+ f6 21.Nxc4 
Qxc4 22.Rb7 Rxb7 23.Qxb7 Ne5 24.Nxe5 fxe5 25.Qc6 1-0

[Event "II Festival A"]
[Site "Bernate Ticino ITA"]
[Date "1999.07.10"]
[Round "4"]
[White "Giretti Kanev, Jasen"]
[Black "Sanzani, Pierluigi"]
[Result "1-0"]
[WhiteElo "2152"]
[BlackElo "1699"]
[PlyCount "49"]
[EventDate "1999.07.08"]

1.c4 Nf6 2.Nc3 g6 3.e4 d6 4.f4 Bg7 5.Nf3 O-O 6.d4 Na6 7.Be2 e5 8.fxe5 dxe5
9.Bg5 exd4 10.Nd5 c6 11.e5 cxd5 12.Qxd4 Nb4 13.Qc3 Ne4 14.Bxd8 Nxc3 15.
bxc3 Nc2+ 16.Kd2 Rxd8 17.Kxc2 Bf5+ 18.Kb3 dxc4+ 19.Bxc4 Bg4 20.Ng5 Rd7 21.
Nxf7 Rxf7 22.Rhf1 Bxe5 23.Rxf7 b5 24.Bd5 Rd8 25.Rd7+ 1-0

[Event "II Festival A"]
[Site "Bernate Ticino ITA"]
[Date "1999.07.10"]
[Round "4"]
[White "Inkiov, Ventzislav V."]
[Black "Aglietti, Graziano"]
[Result "1/2-1/2"]
[WhiteElo "2456"]
[BlackElo "2050"]
[PlyCount "40"]
[EventDate "1999.07.08"]

1.e4 c5 2.Nf3 g6 3.d4 cxd4 4.Nxd4 Bg7 5.Nc3 Nc6 6.Be3 Nf6 7.Be2 O-O 8.O-O 
d5 9.exd5 Nxd5 10.Nxd5 Qxd5 11.Bf3 Qc4 12.Bxc6 bxc6 13.c3 e5 14.Nb3 Be6 
15.Qc1 Bd5 16.Nc5 Bxg2 17.Kxg2 Qg4+ 18.Kh1 Qf3+ 19.Kg1 Qg4+ 20.Kh1 Qf3+ 
1/2-1/2

[Event "II Festival A"]
[Site "Bernate Ticino ITA"]
[Date "1999.07.10"]
[Round "4"]
[White "Lovati, Paolo"]
[Black "Lapiccirella, Daniele"]
[Result "1-0"]
[WhiteElo "2080"]
[BlackElo "1891"]
[PlyCount "49"]
[EventDate "1999.07.08"]

1.Nf3 d5 2.g3 Nf6 3.Bg2 c5 4.c4 e6 5.O-O Nc6 6.cxd5 exd5 7.d4 Be6 8.Nc3 h6
9.dxc5 Bxc5 10.b3 O-O 11.Bb2 a6 12.Ne1 Qd7 13.Na4 Ba7 14.Bxf6 gxf6 15.Rc1 
Rfd8 16.Qd2 Kg7 17.Nc5 Qe7 18.Ncd3 Ne5 19.Nf3 Bf5 20.Nf4 Be4 21.Nh4 Ng6 
22.Nhxg6 fxg6 23.Rc7 Rd7 24.Rxd7 Qxd7 25.Bxe4 1-0

[Event "II Festival A"]
[Site "Bernate Ticino ITA"]
[Date "1999.07.10"]
[Round "4"]
[White "Orlando, Luigi"]
[Black "Guidi, Maurizio"]
[Result "1-0"]
[WhiteElo "1722"]
[BlackElo "1834"]
[PlyCount "76"]
[EventDate "1999.07.08"]

1.e4 c5 2.Nf3 Nc6 3.d4 cxd4 4.Nxd4 Nf6 5.Nc3 g6 6.Be3 Bg7 7.Bc4 O-O 8.O-O 
d6 9.f3 Bd7 10.Qd2 a6 11.Nxc6 Bxc6 12.Bb3 Rc8 13.Bh6 Qb6+ 14.Kh1 Qc5 15.
Bxg7 Kxg7 16.Rad1 b5 17.Qd4 Qxd4 18.Rxd4 Rc7 19.Kg1 a5 20.a3 Nd7 21.f4 Nc5
22.Bd5 e5 23.fxe5 dxe5 24.Rdd1 b4 25.axb4 axb4 26.Na2 Nxe4 27.Bxc6 Rxc6 
28.Nxb4 Rc4 29.c3 f5 30.Rd5 Rc5 31.Rxc5 Nxc5 32.Nc6 e4 33.b4 Nd3 34.Rd1 
Ra8 35.Na5 Rc8 36.b5 Rxc3 37.b6 e3 38.b7 e2 1-0

[Event "II Festival A"]
[Site "Bernate Ticino ITA"]
[Date "1999.07.10"]
[Round "4"]
[White "Quagliarella, Sabino Remo"]
[Black "Zotti, Enrico"]
[Result "1-0"]
[WhiteElo "1814"]
[BlackElo "1839"]
[PlyCount "109"]
[EventDate "1999.07.08"]

1.d4 Nf6 2.c4 g6 3.Nc3 Bg7 4.e4 d6 5.f3 O-O 6.Be3 Nbd7 7.Qd2 Re8 8.Bd3 c5 
9.d5 e6 10.dxe6 Rxe6 11.Nge2 Ne5 12.Nf4 Re8 13.Be2 Nc6 14.O-O a6 15.Rfd1 
Nd4 16.Bf1 Nd7 17.Nfe2 Nxe2+ 18.Bxe2 Bf8 19.f4 Nf6 20.e5 Ng4 21.Bxc5 Qh4 
22.Bxg4 Bxg4 23.Bf2 Qh5 24.Ne4 Bg7 25.Nxd6 Rad8 26.Nxe8 Rxd2 27.Rxd2 h6 
28.Rd8 Kh7 29.Nxg7 Kxg7 30.Bd4 Be6 31.Bc3 Qe2 32.Rd4 h5 33.Re1 Qc2 34.Rd2 
Qf5 35.Rd4 h4 36.h3 Kh7 37.Ree4 Bd7 38.Kh2 Bc6 39.Re2 Bd7 40.Be1 Bc6 41.
Red2 g5 42.Rf2 f6 43.exf6 Qxf6 44.Bc3 Qf5 45.a3 g4 46.hxg4 Qxg4 47.Rd8 
Qg3+ 48.Kg1 Qe3 49.Rh8+ Kg6 50.f5+ Kf7 51.Rxh4 Qd3 52.Rh7+ Kg8 53.Re7 Be4 
54.f6 Qd1+ 55.Rf1 1-0

[Event "II Festival A"]
[Site "Bernate Ticino ITA"]
[Date "1999.07.10"]
[Round "4"]
[White "Rossi, Giampiero"]
[Black "Lapiccirella, Mattia"]
[Result "0-1"]
[WhiteElo "2020"]
[BlackElo "2124"]
[PlyCount "88"]
[EventDate "1999.07.08"]

1.d4 Nf6 2.c4 g6 3.g3 Bg7 4.Bg2 O-O 5.Nc3 d6 6.Nf3 c5 7.O-O Na6 8.b3 cxd4 
9.Nxd4 Nc5 10.Bb2 Rb8 11.Qd2 Ne6 12.Nxe6 Bxe6 13.Nb5 a6 14.Nd4 Bg4 15.h3 
Bd7 16.e4 Qc8 17.Kh2 Qc5 18.Rfe1 Rfc8 19.f4 e5 20.fxe5 dxe5 21.Nf3 Re8 22.
Qe3 Qc7 23.Nd2 b5 24.cxb5 axb5 25.Rac1 Qa5 26.a3 Nh5 27.b4 Qa8 28.Nb3 Rbc8
29.Nc5 Bc6 30.Rc2 Bf8 31.Rec1 Ng7 32.Bf1 f6 33.Be2 Bxc5 34.Rxc5 Ne6 35.Qb3
Kg7 36.Rxc6 Rxc6 37.Bxb5 Nd4 38.Qd5 Rxc1 39.Qd7+ Kh8 40.Bxc1 Nxb5 41.Bh6 
Rg8 42.Qxb5 Qxe4 43.Qb6 Qf5 44.a4 g5 0-1

[Event "II Festival A"]
[Site "Bernate Ticino ITA"]
[Date "1999.07.10"]
[Round "4"]
[White "Sala, Gianni"]
[Black "Barlocco, Carlo"]
[Result "0-1"]
[WhiteElo "2048"]
[BlackElo "2161"]
[PlyCount "76"]
[EventDate "1999.07.08"]

1.e4 c5 2.Nf3 d6 3.d4 cxd4 4.Nxd4 Nf6 5.Nc3 a6 6.Bg5 e6 7.f4 Qb6 8.Qd2 
Qxb2 9.Nb3 Nbd7 10.Rb1 Qa3 11.Be2 Be7 12.O-O O-O 13.Kh1 b5 14.Bd3 Bb7 15.
Rbe1 Rac8 16.e5 dxe5 17.fxe5 Bb4 18.exf6 Bxc3 19.Bxh7+ Kxh7 20.Qxd7 Bd5 
21.fxg7 Bxg7 22.Rxf7 Rxf7 23.Qxf7 Rxc2 24.Qh5+ Kg8 25.Qe8+ Qf8 26.Qxf8+ 
Bxf8 27.Rd1 Bxg2+ 28.Kg1 Rxa2 29.Rd8 Kf7 30.h4 Bd5 31.Rd7+ Kg6 32.Rd8 Bg7 
33.Nc1 Bd4+ 34.Kf1 Rh2 35.Nd3 Kf5 36.Rf8+ Ke4 37.Nc1 Bc4+ 38.Ke1 e5 0-1

[Event "II Festival A"]
[Site "Bernate Ticino ITA"]
[Date "1999.07.10"]
[Round "4"]
[White "Tavecchia, Mario"]
[Black "Perotti, Davide"]
[Result "1/2-1/2"]
[WhiteElo "1666"]
[BlackElo "1644"]
[PlyCount "91"]
[EventDate "1999.07.08"]

1.d4 Nf6 2.Nc3 d5 3.Bg5 h6 4.Bh4 Bf5 5.e3 e6 6.Bd3 Bxd3 7.Qxd3 c6 8.Nf3 
Be7 9.O-O Nbd7 10.e4 O-O 11.e5 Nh7 12.Bxe7 Qxe7 13.Ne2 c5 14.c3 b5 15.a3 
b4 16.axb4 cxb4 17.Ra6 Nb6 18.Nd2 bxc3 19.Nxc3 Qb4 20.Na2 Qe7 21.f4 Rfc8 
22.Nc3 Nc4 23.Nxc4 Rxc4 24.b3 Qb7 25.Rxa7 Qxa7 26.bxc4 Qa6 27.Nb5 Rb8 28.
Qa3 Qb6 29.Qd6 dxc4 30.Qxb6 Rxb6 31.Nd6 Rc6 32.Kf2 Nf6 33.Rc1 Nd5 34.g3 c3
35.Ke2 Ra6 36.Rc2 Ra1 37.Ne4 Rh1 38.Kf3 Rd1 39.Ke2 Rh1 40.Kf3 Rd1 41.Ke2 
Rxd4 42.Nxc3 Rc4 43.Kd3 Nb4+ 44.Kxc4 Nxc2 45.Kd3 Nb4+ 46.Kc4 1/2-1/2

[Event "II Festival A"]
[Site "Bernate Ticino ITA"]
[Date "1999.07.10"]
[Round "4"]
[White "Variato, Mariano"]
[Black "Vujovic, Milorad"]
[Result "0-1"]
[WhiteElo "1576"]
[BlackElo "2258"]
[PlyCount "50"]
[EventDate "1999.07.08"]

1.e4 c5 2.Nf3 a6 3.a4 d6 4.d4 cxd4 5.Nxd4 Nf6 6.Nc3 b6 7.Be2 Bb7 8.f3 e6 
9.Be3 Nbd7 10.O-O Be7 11.Qe1 d5 12.exd5 Nxd5 13.Nxd5 Bxd5 14.Bd3 Qc7 15.f4
Qb7 16.Nf3 Nc5 17.Qe2 O-O 18.Bxh7+ Kxh7 19.Ng5+ Kg8 20.Qh5 Be4 21.Bd4 Bg6 
22.Qg4 Rad8 23.Bc3 Ne4 24.Nxe4 Qxe4 25.h4 Qf5 0-1

[Event "II Festival A"]
[Site "Bernate Ticino ITA"]
[Date "1999.07.10"]
[Round "5"]
[White "Aglietti, Graziano"]
[Black "Orlando, Luigi"]
[Result "1-0"]
[WhiteElo "2050"]
[BlackElo "1722"]
[PlyCount "80"]
[EventDate "1999.07.08"]

1.d4 Nf6 2.Nf3 g6 3.Nbd2 Bg7 4.e4 d6 5.h3 O-O 6.Bd3 c5 7.c3 b6 8.O-O cxd4 
9.cxd4 Bb7 10.Qe2 Nbd7 11.Rd1 Re8 12.Nf1 Rc8 13.Bf4 Rc7 14.Rac1 Rxc1 15.
Rxc1 Qa8 16.N1d2 Rc8 17.Rxc8+ Qxc8 18.Nb1 Nh5 19.Bd2 e5 20.g4 Nf4 21.Bxf4 
exf4 22.Nc3 Nf6 23.Bc4 Nxg4 24.hxg4 Qxg4+ 25.Kf1 h5 26.Qd3 Qh3+ 27.Ke2 Qg2
28.Nd5 Bxd5 29.Bxd5 Qg4 30.Qb5 Qc8 31.Qc6 Qxc6 32.Bxc6 Kf8 33.Kd3 Ke7 34.
e5 dxe5 35.dxe5 f6 36.Ke4 fxe5 37.b3 Bf6 38.Bb7 Kd6 39.Bd5 g5 40.Bf7 h4 
1-0

[Event "II Festival A"]
[Site "Bernate Ticino ITA"]
[Date "1999.07.10"]
[Round "5"]
[White "Barlocco, Carlo"]
[Black "Inkiov, Ventzislav V."]
[Result "1-0"]
[WhiteElo "2161"]
[BlackElo "2456"]
[PlyCount "144"]
[EventDate "1999.07.08"]

1.e4 c5 2.Nf3 d6 3.d4 cxd4 4.Nxd4 Nf6 5.Nc3 Nc6 6.Bg5 e6 7.Qd2 Be7 8.O-O-O
Nxd4 9.Qxd4 O-O 10.f4 Qa5 11.e5 dxe5 12.Qxe5 Qxe5 13.fxe5 Nd5 14.Bxe7 Nxe7
15.Bd3 b6 16.Be4 Rb8 17.Rhe1 b5 18.a4 bxa4 19.Nxa4 Rb5 20.Nc3 Ng6 21.Bxg6 
hxg6 22.g3 a5 23.b3 Rb7 24.Kb2 Rc7 25.Ne4 Bd7 26.Rd4 Ra8 27.Red1 Raa7 28.
c4 Kf8 29.Kc3 Ke7 30.Rf1 Bc6 31.Nd2 Rc8 32.Rdf4 Rf8 33.Rg4 Raa8 34.h4 Be8 
35.Rgf4 Bc6 36.Rg4 Ra7 37.h5 Bg2 38.Rf2 Bh3 39.Rh4 Bf5 40.g4 g5 41.Rhh2 
Bxg4 42.Rfg2 Bf5 43.Rxg5 Rd8 44.Rxg7 a4 45.bxa4 Rxa4 46.Kb3 Ra5 47.Re2 
Rb8+ 48.Kc3 Ra3+ 49.Kd4 Rc8 50.Ne4 Rh3 51.Rxf7+ Kxf7 52.Nd6+ Ke7 53.Nxc8+ 
Kd7 54.Nd6 Rxh5 55.Nxf5 Rxf5 56.Rh2 Rf4+ 57.Kc5 Re4 58.Rh7+ Kc8 59.Kd6 
Rxc4 60.Rh8+ Kb7 61.Kxe6 Kc7 62.Ke7 Rg4 63.Rh7 Kc6 64.e6 Ra4 65.Rh2 Ra8 
66.Rd2 Rh8 67.Kf7 Rh7+ 68.Kg6 Rh1 69.e7 Rg1+ 70.Kf7 Rf1+ 71.Ke8 Kc7 72.Rd4
Rf2 1-0

[Event "II Festival A"]
[Site "Bernate Ticino ITA"]
[Date "1999.07.10"]
[Round "5"]
[White "Barosso, Renzo"]
[Black "Giretti Kanev, Jasen"]
[Result "0-1"]
[WhiteElo "1794"]
[BlackElo "2152"]
[PlyCount "64"]
[EventDate "1999.07.08"]

1.d4 Nf6 2.c4 e6 3.Nf3 c5 4.e3 Nc6 5.Nc3 cxd4 6.exd4 d5 7.c5 Be7 8.Bb5 O-O
9.O-O Bd7 10.Bxc6 Bxc6 11.Re1 a5 12.Ne5 Be8 13.Na4 Ra6 14.Nb6 Ne4 15.Na4 
f6 16.Nd3 e5 17.f3 Bc6 18.Qb3 Kh8 19.Be3 Qe8 20.Nb6 a4 21.Qc2 Ng5 22.Nb4 
Rxb6 23.Nxd5 Bxd5 24.cxb6 Qh5 25.Rf1 exd4 26.Bf4 Ne6 27.Bg3 Bc5 28.Kh1 Bc6
29.Rae1 Bb5 30.Rxe6 Bxf1 31.Qxc5 Qxc5 32.Bd6 Qg5 0-1

[Event "II Festival A"]
[Site "Bernate Ticino ITA"]
[Date "1999.07.10"]
[Round "5"]
[White "Cipriani, Mauro"]
[Black "D'Aulisa, Francesco"]
[Result "1-0"]
[WhiteElo "1509"]
[BlackElo "1624"]
[PlyCount "105"]
[EventDate "1999.07.08"]

1.d4 g6 2.c4 Bg7 3.Nc3 e6 4.e4 d6 5.f3 Ne7 6.Be3 Nd7 7.Qd2 h6 8.Nge2 b6 9.
g4 e5 10.d5 g5 11.Ng3 Nf6 12.Be2 Ng6 13.O-O-O Ba6 14.Nf5 Bf8 15.Bf2 Bc8 
16.h4 Bxf5 17.hxg5 Bd7 18.gxf6 Qxf6 19.Kb1 Bxg4 20.Nb5 Kd8 21.fxg4 Qxf2 
22.Rhf1 Qg2 23.Rxf7 Nf4 24.Re1 Qxe4+ 25.Ka1 Be7 26.Nxc7 Kxc7 27.Rxe7+ Kd8 
28.Rg7 Rf8 29.Qb4 Rf6 30.Rg8+ Ke7 31.Rxa8 Kf7 32.Rxa7+ Kg6 33.Qd2 Nxe2 34.
b3 Rf2 35.Rd7 Qd4+ 36.Qxd4 Nxd4 37.Rxd6+ Kg7 38.Rxe5 Nc2+ 39.Kb2 Nb4+ 40.
Kc3 Nxa2+ 41.Kd4 Rf4+ 42.Re4 Rf3 43.Rxb6 Nc1 44.d6 Rd3+ 45.Ke5 Nxb3 46.
Rb7+ Kg6 47.d7 Nc5 48.Rb6+ Kg5 49.Rd6 Nxd7+ 50.Rxd7 Rxd7 51.c5 Re7+ 52.Kd5
Rxe4 53.Kxe4 1-0

[Event "II Festival A"]
[Site "Bernate Ticino ITA"]
[Date "1999.07.10"]
[Round "5"]
[White "Genovese, Maurizio"]
[Black "Ciolac, Gheorghe"]
[Result "1/2-1/2"]
[WhiteElo "2287"]
[BlackElo "2364"]
[PlyCount "23"]
[EventDate "1999.07.08"]

1.d4 Nf6 2.c4 e6 3.Nc3 Bb4 4.e3 O-O 5.Bd3 d5 6.Ne2 dxc4 7.Bxc4 e5 8.a3 
exd4 9.axb4 dxc3 10.Qxd8 Rxd8 11.bxc3 Be6 12.Bxe6 1/2-1/2

[Event "II Festival A"]
[Site "Bernate Ticino ITA"]
[Date "1999.07.10"]
[Round "5"]
[White "Guidi, Maurizio"]
[Black "Variato, Mariano"]
[Result "1-0"]
[WhiteElo "1834"]
[BlackElo "1576"]
[PlyCount "101"]
[EventDate "1999.07.08"]

1.d4 Nf6 2.Nf3 g6 3.c4 c5 4.Nc3 cxd4 5.Nxd4 Bg7 6.g3 O-O 7.Bg2 Nc6 8.Nxc6 
dxc6 9.O-O Qxd1 10.Rxd1 Be6 11.b3 Rfd8 12.Bb2 Rd7 13.Rxd7 Nxd7 14.Na4 Bxb2
15.Nxb2 Kf8 16.f4 Nb6 17.Rd1 Ke8 18.Kf2 Rd8 19.Rxd8+ Kxd8 20.Ke3 Bf5 21.
Nd3 Bxd3 22.exd3 Nd7 23.b4 Kc7 24.Kd4 Nf6 25.Bf3 Nd7 26.g4 f6 27.Ke4 e5 
28.d4 exd4 29.Kxd4 b6 30.c5 Nf8 31.cxb6+ Kxb6 32.h4 Ne6+ 33.Ke4 c5 34.
bxc5+ Kxc5 35.g5 fxg5 36.fxg5 Kd6 37.Bg4 Nc5+ 38.Kd4 Ne6+ 39.Kc4 Ng7 40.
Kb5 Kc7 41.Kc5 Kd8 42.Kd6 Ke8 43.Kc7 Nf5 44.h5 Ke7 45.hxg6 hxg6 46.Kb7 
Nd6+ 47.Kxa7 Nb5+ 48.Kb6 Na3 49.Be2 Kd6 50.Bd3 Kd5 51.Bxg6 1-0

[Event "II Festival A"]
[Site "Bernate Ticino ITA"]
[Date "1999.07.10"]
[Round "5"]
[White "Lampic, Teo"]
[Black "Everet, Alexandro"]
[Result "1/2-1/2"]
[WhiteElo "2321"]
[BlackElo "2294"]
[PlyCount "211"]
[EventDate "1999.07.08"]

1.e4 Nf6 2.d3 Nc6 3.f4 d6 4.Nf3 e5 5.Be2 Be7 6.O-O h6 7.c4 Bg4 8.Be3 exf4 
9.Bxf4 O-O 10.Nc3 Bxf3 11.Rxf3 Nh7 12.d4 Bf6 13.Be3 Ng5 14.Rg3 Re8 15.Bf3 
Nxf3+ 16.gxf3 Bg5 17.f4 Bh4 18.Rg2 f5 19.d5 Na5 20.b4 Nxc4 21.Qd4 Ne5 22.
fxe5 dxe5 23.Qc4 f4 24.d6+ Kh8 25.Qf7 Rg8 26.Bc5 b6 27.Bf2 Bxf2+ 28.Rxf2 
Qxd6 29.Nd5 Raf8 30.Qh5 c6 31.Nc3 Qxb4 32.Rf3 Qc5+ 33.Kh1 b5 34.Rg1 Rf6 
35.Rg5 Re6 36.Qh3 Qe7 37.Rh5 b4 38.Ne2 c5 39.Qg2 c4 40.Rf1 Rd8 41.Ng1 Qe8 
42.Rh3 Rg6 43.Qc2 Qe6 44.Rhf3 c3 45.R3f2 Rf6 46.Nf3 g5 47.Qa4 Qe7 48.Qa5 
Re6 49.a3 g4 50.Ne1 bxa3 51.Qxc3 Kh7 52.Nd3 Rg8 53.Nb4 f3 54.Rg1 Rg7 55.
Nd5 Qf8 56.Qc4 Reg6 57.Ne3 Qb8 58.Nf5 Rc7 59.Qd5 Qe8 60.Qa5 Rf7 61.Qxa3 
Qc6 62.Qe3 Qb6 63.Qd2 h5 64.Qa2 Qe6 65.Ra1 a6 66.Qxe6 Rxe6 67.Rfa2 Rff6 
68.Kg1 Kg6 69.Kf2 Kg5 70.h4+ Kg6 71.Rc1 Rf7 72.Rc8 Rb6 73.Ra8 Rfb7 74.Rd2 
Rb2 75.Rxa6+ Kf7 76.Rd6 Rxd2+ 77.Rxd2 Rb4 78.Kg3 Rb1 79.Kf2 Rh1 80.Rd7+ 
Kg8 81.Rg7+ Kf8 82.Rg5 Rh2+ 83.Kg1 Ra2 84.Rxh5 Ra1+ 85.Kf2 Ra2+ 86.Kf1 
Ra1+ 87.Kf2 Ra2+ 88.Ke3 Ra3+ 89.Kd2 Ra2+ 90.Kc3 Ra3+ 91.Kc4 f2 92.Ng3 Rxg3
93.Rf5+ Ke7 94.Rxf2 Ke6 95.Rf8 Rg1 96.Re8+ Kd6 97.Rd8+ Ke7 98.Rg8 Kf7 99.
Rg5 Kf6 100.Kd3 g3 101.Ke2 g2 102.Kf3 Rh1 103.Rxg2 Rxh4 104.Rg8 Rh3+ 105.
Kf2 Ke7 106.Rg6 1/2-1/2

[Event "II Festival A"]
[Site "Bernate Ticino ITA"]
[Date "1999.07.10"]
[Round "5"]
[White "Lapiccirella, Daniele"]
[Black "Quagliarella, Sabino Remo"]
[Result "1/2-1/2"]
[WhiteElo "1891"]
[BlackElo "1814"]
[PlyCount "50"]
[EventDate "1999.07.08"]

1.d4 d6 2.c4 c6 3.Nc3 Nf6 4.e4 Qc7 5.f3 e5 6.d5 Be7 7.Be3 O-O 8.Bd3 a5 9.
Nge2 Ne8 10.O-O Na6 11.Rc1 Bd7 12.Qd2 Rc8 13.Na4 c5 14.Nac3 b6 15.a3 Qb8 
16.b3 Nec7 17.Rb1 b5 18.cxb5 Nxb5 19.Nxb5 Bxb5 20.Bxb5 Qxb5 21.Nc3 Qb6 22.
Rfc1 Rb8 23.Rb2 Rb7 24.Rcb1 Qc7 25.Na2 Rfb8 1/2-1/2

[Event "II Festival A"]
[Site "Bernate Ticino ITA"]
[Date "1999.07.10"]
[Round "5"]
[White "Lapiccirella, Mattia"]
[Black "Guerrini, Donato"]
[Result "1-0"]
[WhiteElo "2124"]
[BlackElo "1924"]
[PlyCount "51"]
[EventDate "1999.07.08"]

1.d4 Nf6 2.c4 c5 3.d5 b5 4.cxb5 a6 5.b6 d6 6.Nc3 Nbd7 7.a4 Qxb6 8.a5 Qb7 
9.e4 g6 10.f4 Bg7 11.Bc4 O-O 12.Nge2 Rb8 13.O-O Ne8 14.Ra2 Nc7 15.Qd3 Re8 
16.b3 Nf8 17.Bb2 Bd7 18.Nd1 Nb5 19.Bxg7 Kxg7 20.Ne3 Qc8 21.f5 g5 22.h4 f6 
23.hxg5 fxg5 24.Ng4 Ng6 25.Qh3 Kh8 26.fxg6 1-0

[Event "II Festival A"]
[Site "Bernate Ticino ITA"]
[Date "1999.07.10"]
[Round "5"]
[White "Loncar, Robert"]
[Black "Lovati, Paolo"]
[Result "1/2-1/2"]
[WhiteElo "2429"]
[BlackElo "2080"]
[PlyCount "112"]
[EventDate "1999.07.08"]

1.d4 d5 2.c4 Nc6 3.e3 e5 4.cxd5 Qxd5 5.Nc3 Bb4 6.Bd2 Bxc3 7.bxc3 exd4 8.
cxd4 Nf6 9.Nf3 O-O 10.Be2 Qd6 11.O-O Bf5 12.Qb3 Rab8 13.Rfc1 h6 14.Be1 
Rfe8 15.Bc4 Be6 16.Rab1 Bxc4 17.Qxc4 Qd5 18.Qxd5 Nxd5 19.Rc5 Nce7 20.e4 b6
21.Rxd5 Nxd5 22.exd5 Rbd8 23.Rc1 Rxd5 24.Bd2 c5 25.dxc5 Rxc5 26.Rxc5 bxc5 
27.Kf1 Re4 28.a3 Ra4 29.Bc1 Rc4 30.Be3 Rc3 31.Ke2 Rxa3 32.Bxc5 Ra2+ 33.Kd3
f6 34.Ne1 Kf7 35.Nc2 g6 36.Ba3 Ke6 37.Kc3 Ke5 38.Kb3 Rxa3+ 39.Nxa3 Kf4 40.
Kc3 h5 41.Nc4 h4 42.Nd2 g5 43.Kd3 a5 44.Kc4 g4 45.Kb5 Ke5 46.Kxa5 f5 47.
Kb5 Kd4 48.Nf1 f4 49.h3 gxh3 50.gxh3 Kd3 51.Nh2 Ke2 52.Ng4 Kf3 53.Kc4 Kg2 
54.Kd3 Kxh3 55.Ne5 Kg2 56.Ke2 h3 1/2-1/2

[Event "II Festival A"]
[Site "Bernate Ticino ITA"]
[Date "1999.07.10"]
[Round "5"]
[White "Perotti, Davide"]
[Black "Rossi, Giampiero"]
[Result "1/2-1/2"]
[WhiteElo "1644"]
[BlackElo "2020"]
[PlyCount "90"]
[EventDate "1999.07.08"]

1.Nf3 d5 2.c4 e6 3.b3 Nf6 4.g3 Be7 5.Bg2 O-O 6.Bb2 Nbd7 7.O-O c6 8.Qc2 b6 
9.Nc3 Bb7 10.Rac1 Rc8 11.d3 Qc7 12.e3 Rfd8 13.Ne2 Qb8 14.Qb1 c5 15.Qa1 
dxc4 16.dxc4 Qa8 17.Ne1 Bxg2 18.Nxg2 Ne8 19.Nef4 Bf6 20.Nh5 Bxb2 21.Qxb2 
Qf3 22.Nhf4 Ndf6 23.Nh4 Qe4 24.Ne2 Nd6 25.Rcd1 Rd7 26.Rd2 Rcd8 27.Rfd1 h6 
28.Nc3 Qc6 29.Ng2 Nfe4 30.Nxe4 Nxe4 31.Rxd7 Rxd7 32.Qc2 Rxd1+ 33.Qxd1 Ng5 
34.Ne1 Nh3+ 35.Kf1 Qh1+ 36.Ke2 Qxh2 37.Qd8+ Kh7 38.Nd3 Ng5 39.Qa8 Qh5+ 40.
Kd2 Nf3+ 41.Kc3 Qf5 42.Qxa7 Qf6+ 43.Kc2 Qf5 44.Kc3 Qf6+ 45.Kc2 Qf5 1/2-1/2

[Event "II Festival A"]
[Site "Bernate Ticino ITA"]
[Date "1999.07.10"]
[Round "5"]
[White "Sala, Gianni"]
[Black "Bellini, Roberto"]
[Result "1-0"]
[WhiteElo "2048"]
[BlackElo "1461"]
[PlyCount "125"]
[EventDate "1999.07.08"]

1.e4 c5 2.Nf3 d6 3.d4 cxd4 4.Nxd4 Nf6 5.Nc3 e6 6.Bg5 Be7 7.Qd2 O-O 8.O-O-O
a6 9.f4 Nbd7 10.f5 Nc5 11.Bd3 Bd7 12.Nf3 Bc6 13.Rhe1 e5 14.Bxf6 Bxf6 15.g4
g5 16.h4 h6 17.Rg1 Kg7 18.Kb1 Be7 19.Qe3 f6 20.Bc4 Rb8 21.Rh1 b5 22.Bd5 
Bd7 23.hxg5 hxg5 24.Rh5 Be8 25.Rh2 Rh8 26.Rxh8 Kxh8 27.Rh1+ Kg7 28.Nd2 Bf7
29.Qh3 Qh8 30.Qxh8+ Rxh8 31.Rxh8 Kxh8 32.Bxf7 Kg7 33.Be8 Bd8 34.Nd5 Kf8 
35.Bc6 Kf7 36.b4 Na4 37.Nb3 Bb6 38.Nxb6 Nxb6 39.Bb7 Ke7 40.Bxa6 d5 41.Nd2 
Na4 42.a3 Kd6 43.Bb7 d4 44.Ka2 Kc7 45.Ba6 Kb6 46.Bc8 Kc6 47.Kb3 Nc3 48.Be6
Kd6 49.Bf7 Kc6 50.Kb2 Nd1+ 51.Kc1 Ne3 52.Bh5 Kb6 53.Nb3 Nc4 54.Nc5 Kc7 55.
Be8 Ne3 56.Bxb5 Nxg4 57.Kd2 Nf2 58.Ke2 Nh3 59.Kf3 Nf4 60.a4 Nh5 61.a5 Ng7 
62.Ne6+ Nxe6 63.fxe6 1-0

[Event "II Festival A"]
[Site "Bernate Ticino ITA"]
[Date "1999.07.10"]
[Round "5"]
[White "Sanzani, Pierluigi"]
[Black "Ponti, Lorenzo"]
[Result "0-1"]
[WhiteElo "1699"]
[BlackElo "1831"]
[PlyCount "60"]
[EventDate "1999.07.08"]

1.e4 Nf6 2.Nc3 d5 3.e5 Ne4 4.d4 Bf5 5.Nxe4 dxe4 6.Be3 e6 7.Ne2 Be7 8.Ng3 
Bg6 9.Be2 c5 10.Bb5+ Nc6 11.Bxc6+ bxc6 12.O-O cxd4 13.Bxd4 c5 14.Bc3 Bh4 
15.Qe2 Bxg3 16.Rad1 Bxh2+ 17.Kxh2 Qh4+ 18.Kg1 O-O 19.Qc4 Rfd8 20.Qxc5 Bh5 
21.Rxd8+ Rxd8 22.Qa3 Rd7 23.Bd4 Bf3 24.gxf3 exf3 25.Qxf3 Qxd4 26.Re1 h6 
27.Qa8+ Rd8 28.Qb7 Qd2 29.Qe4 Rd4 30.Re2 Qg5+ 0-1

[Event "II Festival A"]
[Site "Bernate Ticino ITA"]
[Date "1999.07.10"]
[Round "5"]
[White "Sartorio, Diego"]
[Black "Tavecchia, Mario"]
[Result "1/2-1/2"]
[WhiteElo "1594"]
[BlackElo "1666"]
[PlyCount "48"]
[EventDate "1999.07.08"]

1.e4 e6 2.d4 d5 3.Nd2 dxe4 4.Nxe4 Nd7 5.Nf3 Ngf6 6.Nxf6+ Nxf6 7.Bc4 c5 8.
c3 cxd4 9.Qxd4 Qxd4 10.Nxd4 Bc5 11.Nb3 Bb6 12.Bb5+ Bd7 13.Bxd7+ Nxd7 14.
Ke2 O-O 15.Be3 Bc7 16.Rhd1 Rfd8 17.h3 b6 18.Nd4 Nf6 19.Nb5 Ne8 20.Rxd8 
Bxd8 21.Rd1 a6 22.Nd6 Bc7 23.Nxe8 Rxe8 24.Rd7 Rc8 1/2-1/2

[Event "II Festival A"]
[Site "Bernate Ticino ITA"]
[Date "1999.07.10"]
[Round "5"]
[White "Vujovic, Milorad"]
[Black "Cazzaniga, Walter"]
[Result "1-0"]
[WhiteElo "2258"]
[BlackElo "2153"]
[PlyCount "132"]
[EventDate "1999.07.08"]

1.c4 c5 2.e3 Nf6 3.Nf3 g6 4.b3 Bg7 5.Bb2 O-O 6.Be2 b6 7.d4 Bb7 8.O-O d6 9.
Nc3 Nbd7 10.d5 Ne8 11.Qd2 a6 12.Rad1 e5 13.dxe6 fxe6 14.Qc2 Qe7 15.Rd2 Rb8
16.Rfd1 Bxf3 17.gxf3 Qg5+ 18.Kh1 Qh4 19.Ne4 Bxb2 20.Qxb2 Ne5 21.f4 Ng4 22.
Bxg4 Qxg4 23.Nxd6 Qf3+ 24.Kg1 Qg4+ 25.Kf1 Qh3+ 26.Ke1 Qxh2 27.Nxe8 Rbxe8 
28.Rd7 Qg1+ 29.Ke2 Qg4+ 30.Kd2 Rf7 31.Kc1 Qf5 32.Rxf7 Qxf7 33.Qe5 Qf5 34.
Qc7 e5 35.Rd8 Rxd8 36.Qxd8+ Kg7 37.Qe7+ Kh6 38.Qxe5 Qd3 39.Qg5+ Kg7 40.
Qe7+ Kh6 41.Qf8+ Kh5 42.Qf6 Qf1+ 43.Kb2 Qxf2+ 44.Ka3 h6 45.Qxb6 Qxe3 46.
Ka4 Qf2 47.a3 g5 48.fxg5 hxg5 49.b4 Qc2+ 50.Ka5 cxb4 51.Qxb4 g4 52.Qc5+ 
Kh4 53.Qe7+ Kh3 54.Qe6 Qc3+ 55.Kb6 Qb2+ 56.Kc6 Qxa3 57.c5 Qb4 58.Qh6+ Kg2 
59.Qe3 g3 60.Kc7 Qa5+ 61.Kd7 Qb5+ 62.c6 Qd5+ 63.Kc7 Kh2 64.Qh6+ Kg1 65.Kb8
Qb5+ 66.Ka7 Qc5+ 1-0

[Event "II Festival A"]
[Site "Bernate Ticino ITA"]
[Date "1999.07.10"]
[Round "5"]
[White "Zotti, Enrico"]
[Black "Primerano, Carlo"]
[Result "1/2-1/2"]
[WhiteElo "1839"]
[BlackElo "1567"]
[PlyCount "123"]
[EventDate "1999.07.08"]

1.e4 e5 2.Nf3 f5 3.d4 fxe4 4.Nxe5 Nf6 5.Bc4 d5 6.Be2 Be7 7.c4 c6 8.Nc3 O-O
9.O-O Nbd7 10.Nxd7 Bxd7 11.Bg5 Be6 12.c5 Nd7 13.Be3 Bg5 14.Qd2 Bxe3 15.
Qxe3 Rf6 16.f3 exf3 17.Rxf3 Rxf3 18.Bxf3 Bf7 19.Re1 Qf6 20.Qf2 Re8 21.
Rxe8+ Bxe8 22.Bg4 Qxf2+ 23.Kxf2 Kf8 24.h3 Ke7 25.Ke3 h5 26.Bf5 Kf6 27.Kf4 
g5+ 28.Kf3 Kxf5 29.Ne2 g4+ 30.hxg4+ hxg4+ 31.Ke3 Nf6 32.Ng3+ Kg5 33.b4 Bg6
34.a4 Ne4 35.Nxe4+ Bxe4 36.g3 Bc2 37.a5 a6 38.Kd2 Bg6 39.Kc3 Kf5 40.Kd3 
Ke6+ 41.Ke3 Be4 42.Kf4 Bf3 43.Kg5 Be2 44.Kg6 Ke7 45.Kf5 Kd7 46.Ke5 Bd1 47.
Kf5 Ke7 48.Ke5 Be2 49.Kf5 Bf3 50.Ke5 Kd7 51.Kf5 Ke8 52.Ke6 Be4 53.Kd6 Kd8 
54.Ke6 Kc7 55.Ke7 Bd3 56.Ke6 Kd8 57.Kd6 Bf5 58.Ke5 Bc8 59.Kd6 Bf5 60.Ke5 
Bc2 61.Ke6 Kc7 62.Ke7 1/2-1/2